|
|
|
|
| LEADER |
03692nam a2200565 4500 |
| 001 |
978-3-540-45661-2 |
| 003 |
DE-He213 |
| 005 |
20191220125616.0 |
| 007 |
cr nn 008mamaa |
| 008 |
121227s2002 gw | s |||| 0|eng d |
| 020 |
|
|
|a 9783540456612
|9 978-3-540-45661-2
|
| 024 |
7 |
|
|a 10.1007/3-540-45661-9
|2 doi
|
| 040 |
|
|
|d GrThAP
|
| 050 |
|
4 |
|a QA76.9.D335
|
| 072 |
|
7 |
|a GPJ
|2 bicssc
|
| 072 |
|
7 |
|a COM053000
|2 bisacsh
|
| 072 |
|
7 |
|a GPJ
|2 thema
|
| 072 |
|
7 |
|a URY
|2 thema
|
| 082 |
0 |
4 |
|a 005.82
|2 23
|
| 245 |
1 |
0 |
|a Fast Software Encryption
|h [electronic resource] :
|b 9th International Workshop, FSE 2002, Leuven, Belgium, February 4-6, 2002. Revised Papers /
|c edited by Joan Daemen, Vincent Rijmen.
|
| 250 |
|
|
|a 1st ed. 2002.
|
| 264 |
|
1 |
|a Berlin, Heidelberg :
|b Springer Berlin Heidelberg :
|b Imprint: Springer,
|c 2002.
|
| 300 |
|
|
|a XII, 284 p.
|b online resource.
|
| 336 |
|
|
|a text
|b txt
|2 rdacontent
|
| 337 |
|
|
|a computer
|b c
|2 rdamedia
|
| 338 |
|
|
|a online resource
|b cr
|2 rdacarrier
|
| 347 |
|
|
|a text file
|b PDF
|2 rda
|
| 490 |
1 |
|
|a Lecture Notes in Computer Science,
|x 0302-9743 ;
|v 2365
|
| 505 |
0 |
|
|a Block Cipher Cryptanalysis -- New Results on Boomerang and Rectangle Attacks -- Multiplicative Differentials -- Differential and Linear Cryptanalysis of a Reduced-Round SC2000 -- Impossible Differential Cryptanalysis of Reduced Round XTEA and TEA -- Improved Cryptanalysis of MISTY1 -- Multiple Linear Cryptanalysis of a Reduced Round RC6 -- Integral Cryptanalysis -- On the Security of CAMELLIA against the Square Attack -- Saturation Attacks on Reduced Round Skipjack -- Integral Cryptanalysis -- Block Cipher Theory -- Improved Upper Bounds of Differential and Linear Characteristic Probability for Camellia -- The Round Functions of RIJNDAEL Generate the Alternating Group -- Non-cryptographic Primitive for Pseudorandom Permutation -- Stream Cipher Design -- BeepBeep: Embedded Real-Time Encryption -- A New Keystream Generator MUGI -- Scream: A Software-Efficient Stream Cipher -- Stream Cipher Cryptanalysis -- Distinguishing Attacks on SOBER-t16 and t32 -- Linearity Properties of the SOBER-t32 Key Loading -- A Time-Memory Tradeoff Attack Against LILI-128 -- Odds and Ends -- On the Security of Randomized CBC-MAC Beyond the Birthday Paradox Limit A New Construction -- Cryptanalysis of the Modified Version of the Hash Function Proposed at PKC'98 -- Compression and Information Leakage of Plaintext.
|
| 650 |
|
0 |
|a Data encryption (Computer science).
|
| 650 |
|
0 |
|a Algorithms.
|
| 650 |
|
0 |
|a Coding theory.
|
| 650 |
|
0 |
|a Information theory.
|
| 650 |
|
0 |
|a Computer science-Mathematics.
|
| 650 |
1 |
4 |
|a Cryptology.
|0 http://scigraph.springernature.com/things/product-market-codes/I28020
|
| 650 |
2 |
4 |
|a Algorithm Analysis and Problem Complexity.
|0 http://scigraph.springernature.com/things/product-market-codes/I16021
|
| 650 |
2 |
4 |
|a Coding and Information Theory.
|0 http://scigraph.springernature.com/things/product-market-codes/I15041
|
| 650 |
2 |
4 |
|a Math Applications in Computer Science.
|0 http://scigraph.springernature.com/things/product-market-codes/I17044
|
| 700 |
1 |
|
|a Daemen, Joan.
|e editor.
|4 edt
|4 http://id.loc.gov/vocabulary/relators/edt
|
| 700 |
1 |
|
|a Rijmen, Vincent.
|e editor.
|4 edt
|4 http://id.loc.gov/vocabulary/relators/edt
|
| 710 |
2 |
|
|a SpringerLink (Online service)
|
| 773 |
0 |
|
|t Springer eBooks
|
| 776 |
0 |
8 |
|i Printed edition:
|z 9783662200100
|
| 776 |
0 |
8 |
|i Printed edition:
|z 9783540440093
|
| 830 |
|
0 |
|a Lecture Notes in Computer Science,
|x 0302-9743 ;
|v 2365
|
| 856 |
4 |
0 |
|u https://doi.org/10.1007/3-540-45661-9
|z Full Text via HEAL-Link
|
| 912 |
|
|
|a ZDB-2-SCS
|
| 912 |
|
|
|a ZDB-2-LNC
|
| 912 |
|
|
|a ZDB-2-BAE
|
| 950 |
|
|
|a Computer Science (Springer-11645)
|